100 Cities by Letter - O - Statistics

General Stats
  • This quiz has been taken 1,738 times
  • The average score is 30 of 100
Answer Stats
Hint City % Correct
Capital of Canada Ottawa
100%
Oldest university city in England Oxford
98%
City near Disney World Orlando
96%
Ukrainian seaport Odessa
85%
Algeria's second-largest city Oran
85%
Californian city / Canadian province Ontario
82%
Capital of Burkina Faso Ouagadougou
81%
Principal city of the Keihanshin Osaka
77%
Across the bay from San Francisco Oakland
73%
Four-letter major Russian city Omsk
72%
Capital of Washington Olympia
71%
Its NBA team is called "Thunder" Oklahoma City
70%
Joan of Arc was its "Maid" Orléans
70%
Three-letter city of Kyrgyzstan Osh
69%
SoCal city or the county it is in Orange
66%
Site of 1993 Israel/PLO accords Oslo
66%
Japanese city or a U.S. president Obama
63%
Warren Buffett is this city's "Oracle" Omaha
59%
Biggest city in northern Finland Oulu
59%
Latvian city or Shrek's species Ogre
58%
Located near Naha Okinawa
53%
Mexican city famous for mole sauce Oaxaca
52%
Biggest city in the Czech Silesia Ostrava
47%
Capital of Asturias, Spain Oviedo
45%
Jamaican tourist resort whose nameis Spanish for "Eight Rivers" Ocho Rios
42%
Hans Christian Andersen's hometown Odense
41%
Gold mining town in South Africa named for a Scottish archipelago Orkney
41%
Missourian city or the range it is in Ozark
41%
City in Lower Saxony with ahistorical influential royal family Oldenburg
40%
Gave its name to a major Paris airport Orly
39%
Russia's unofficial "Asian capital" Orenburg
36%
Belgian seaside city Ostend
34%
Capital of Sint Eustatius or Aruba Oranjestad
33%
Namesake of the children's clothing maker: ______ B'Gosh Oshkosh
33%
Utahn city near the Golden Spike Ogden
32%
Main city of Närke, Sweden Örebro
30%
North Macedonian lake town Ohrid
29%
Sudan's largest city by city proper Omdurman
28%
Where the treaty that ended theThirty Years' War was signed Osnabrück
28%
Also a prefecture in southwest Honshu Okayama
27%
"Seaside" resort at the northern endof the San Diego metro area Oceanside
26%
Also the name of Florida's largest lake Okeechobee
26%
Major Manchester suburb Oldham
26%
Largest Mexican non-municipal seat locality or Spanish for "eye of water" Ojo de Agua
25%
Russian locality with namesake of asea between Sakhalin and Kamchatka Okhotsk
25%
City in the Ruhr area between Duisburg and Essen Oberhausen
24%
Headquarters of Sprint in Kansas Overland Park
24%
Czech city whose Holy Trinity Columnis a UNESCO heritage site Olomouc
23%
"Oregonian" city that was the first westof the Rockies to be incorporated Oregon City
23%
Most populous suburb of theFrankfurt metro area Offenbach am Main
22%
Largest city in Slavonia, Croatia Osijek
22%
Most populous city on California's Central Coast Oxnard
21%
Utah Valley University locale Orem
20%
Site of a mass execution of political prisoners in 1941 in Russia Oryol
20%
Polish WWII concentration camp site Oświęcim
20%
Main city of Jämtland, Sweden Östersund
19%
Nigerian city of 1 million people Onitsha
18%
Art Nouveau center of Romania Oradea
18%
Delta city on the White Sea with namesake of a major Russian lake Onega
17%
Bolivian city inside the Altiplano Oruro
17%
Cities in the Greater Toronto Area Oshawa
17%
Historical capital of Upper Silesia Opole
16%
Capital of West Kazakhstan Oral
16%
Tennessean city founded as asecret nuclear research site Oak Ridge
14%
Easternmost city in Maryland Ocean City
14%
Kyushu prefecture namesake Ōita
14%
Russian city on the Ural River near the Kazakh border Orsk
14%
Cities in the Greater Toronto Area Oakville
13%
Capital of Warmia–Masuria, Poland Olsztyn
13%
City in upstate New York with namesake of the state's largest lake Oneida
12%
Moroccan city on the Algerian border Oujda
12%
Ohioan city of a liberal arts college Oberlin
11%
Largest suburb of St. Louis O'Fallon
11%
Major city in Inner Mongolia, China Ordos
11%
Mexico's highest peak namesake Orizaba
11%
A lighthouse in this city marks theeasternmost point on Italian mainland Otranto
10%
Johnny Depp's hometown Owensboro
10%
Where the IS massacred 40 peoplein a Catholic church in Nigeria in 2022 Owo
10%
Iconic village on Santorini Oia
9%
Swiss town that is a major rail hubbetween Zurich, Basel and Bern Olten
9%
"Abad" in Maharashtra named for an Indian ruler, not an Ottoman sultan Osmanabad
9%
California's 1960 Winter Olympics Olympic Valley
8%
Seats and namesakes of twoTurkish provinces Ordu
7%
Swedish city founded by King Oscar I Oskarshamn
7%
"Hollywood of Morocco" Ouarzazate
7%
Colonial city in Recife Metro Area Olinda
6%
Seats and namesakes of twoTurkish provinces Osmaniye
6%
Chilean gateway to its far south Osorno
6%
Japan's first shōgun was born in thecastle of this city in Chūbu Okazaki
5%
White-separatist town in South Africa Orania
4%
The first Winter Paralympic Gameshost was this city in northern Sweden Örnsköldsvik
4%
Sing Sing prison in New York Ossining
4%
Capital of Shiga, Japan Ōtsu
4%
Long Island town of Teddy Roosevelt's"summer" White House Oyster Bay
4%
This South African town is dubbed "the ostrich capital of the world" Oudtshoorn
3%
Home to Germany's NATO School Oberammergau
2%
Major city on Filipino island Leyte Ormoc
2%
Swedish city located at almost the southernmost tip of Södermanland Oxelösund
2%
Portugal's largest municipality by area Odemira
1%
English town whose nuclear reactorswere shut down in 2012 Oldbury
1%
No matching quizzes found
Score Distribution
Percent of People with Each Score
Percentile by Number Answered
Your Score History
You have not taken this quiz